| 000 | 00501nam a22001937a 4500 | ||
|---|---|---|---|
| 003 | OSt | ||
| 005 | 20140310182829.0 | ||
| 008 | 130530t xxu||||| |||| 00| 0 eng d | ||
| 050 |
_aPN 4121 _b.B877 1966 |
||
| 082 |
_aM 808.5 _bB81 1966 |
||
| 245 |
_aSpeech and man / _cBrown, Charles Van |
||
| 260 |
_aNew Jersey : _bPrentice-Hall, Inc., _c1966 |
||
| 300 |
_a146 p. : _c21 cm. |
||
| 521 | _acollege students | ||
| 526 | _c1210L-1700L | ||
| 541 | _j1 | ||
| 562 | _e1 | ||
| 942 |
_2lcc _cBK _kM |
||
| 999 |
_c16572 _d16572 |
||